000 00571nam a22002057a 4500
003 DO-SdBNP
005 20220627094959.0
007 ta
008 220627b2000 dr a|||| |||| 00| 0 spa d
040 _aDO-SdBNP
_bspa
_cBNPHU
082 4 _bA561f, 2000
_222
100 1 _aAndrés, Mateo
_97205
245 1 3 _aLa felicidad personal :
_b¿utopía o posibilidad concreta? /
_cMateo Andrés.
250 _a5a ed.
260 _aSanto Domingo :
_bMSC,
_c2000.
300 _a120 p. :
_bil. ;
_c23 cm.
590 _aInventariado, 2022/BT
910 _aBtavárez
942 _2ddc
_cLBS1
999 _c52112
_d52112